000 00241 a2200097 4500
001 20529
100 _aTalmy V
245 _aThe Interaction of Science in the study of the earth
260 _a
_bProgress Publishers
_c
090 _c14925
_d14925
942 _aNUST-CAE
_cM
_c5475
999 _c255602
_d255602